000 00697nam a2200289Ia 4500
005 20260324125658.0
008 008 260324s9999 xx 000 0 eng d
020 _a9781351273404
037 _aEBOOK
040 _aCRL
040 _beng
040 _cCRL
041 _2eng
041 _aeng
084 _qCRL
100 _aMatt Barton; Shane Stacks
_91178892
245 0 _aDungeons and Desktops
245 4 _bThe History of Computer Role-Playing Games 2e
260 _bTaylor and Francis
260 _c2008
365 _a
365 _b240
856 _uhttp://www.taylorfrancis.com/books/9781351273404
942 _cEBOOK
999 _c1774383
_d1774383